Joueurs de tennis ayant réalisé le plus d'aces en carrière - Statistiques

Statistiques générales
  • Ce quiz a été pris 313 fois
  • Le résultat moyen est 12 sur 22
Statistiques - réponses
# Aces Nationalité Carrière Joueur % Correct
3 11 452 1998-2022 Roger Federer
98%
1 14 616 2007-2023 John Isner
86%
15 7 417 2002- Novak Djokovic
85%
20 6 654 2002- Stan Wawrinka
85%
21 6 586 2005-2024 Andy Murray
81%
16 7 255 2004- Gaël Monfils
81%
18 6 740 2004-2022 Jo Wilfried Tsonga
78%
10 8 412 2005- Marin Cilic
74%
9 8 513 2008-2024 Milos Raonic
72%
8 8 689 1988-2002 Pete Sampras
64%
12 7 722 2007-2023 Kevin Anderson
63%
6 9 067 2000-2012 Andy Roddick
60%
2 13 762 2000-2021 Ivo Karlovic
58%
17 7 195 2002-2019 Tomas Berdych
52%
5 10 131 1988-2004 Goran Ivanisevic
47%
4 10 313 1997-2023 Feliciano Lopez
30%
11 8 117 1998-2012 Ivan Ljubicic
25%
7 8 939 2006-2022 Sam Querrey
22%
22 6 153 1988-2006 Marc Rosset
21%
13 7 648 1989-2003 Richard Krajicek
18%
19 6 696 1994-2015 Mark Philippoussis
17%
14 7 589 1991-2007 Greg Rusedski
11%
Aucun quiz correspondant
Distribution des résultats
% des personnes avec chaque résultat
Percentile par nombre de réponses
Votre historique - résultats
Vous n’avez pas pris ce quiz